| 000 | 00484nam a2200181 a 4500 | ||
|---|---|---|---|
| 001 | 35929 | ||
| 005 | 20180714004352.0 | ||
| 008 | 140415s1985 000 0 spa d | ||
| 020 | _a8427707002 | ||
| 041 | _aspa | ||
| 082 |
_a370.114 _bMOR |
||
| 100 | 1 | _aMORATINOS, JOSE F. | |
| 245 | 1 | 3 |
_aLA ESCUELA DE PADRES : _bEDUCACION FAMILIAR |
| 260 |
_a[s.l.] : _bNARCEA, _c1985 |
||
| 300 | _a125 | ||
| 490 | _aEDUCACION HOY | ||
| 650 | 1 | 4 | _aEDUCACION PARA LA VIDA FAMILIAR |
| 999 |
_c35929 _d35929 |
||